Pružné výrobné bunky

Bibliographic Details
Main Author: Hajduk, Mikuláš, 1950- (Author)
Format: Book
Language:Slovak
PhysicalDescription:153 s. sch., tab. 25 cm
Published: Košice Technická univerzita 1998
ISBN:8070993871
Series:Edícia vedeckej a odbornej literatúry
Subjects:

MARC

LEADER 00000cam a2200000 a 4500
001 vtls001360855
003 SK-MaSNL
005 20260301010650.0
008 251113s1998 xo ap r 000 0 slo
015 |a SNBA1999/09-03187 
020 |a 8070993871 
035 |a SNK000314421 
035 |a urn:nbn:sk:snk-amkjai 
035 |a urn:nbn:sk:snk-am008hud 
035 |a B01043A3-F3F6-4062-9386-022711C5C140 
040 |a SNK  |b slo  |c SNK  |e AACR2 
041 0 |a slo 
044 |a xo  |c SK 
080 |a 681.51(075.8)  |2 1981 
100 1 |a Hajduk, Mikuláš,  |d 1950-  |4 aut  |9 117432 
245 1 0 |a Pružné výrobné bunky  |c Mikuláš Hajduk 
260 |a Košice  |b Technická univerzita  |c 1998 
300 |a 153 s.  |b sch., tab.  |c 25 cm 
366 |e 200 výtl. 
490 1 |a Edícia vedeckej a odbornej literatúry 
504 |a Obsahuje bibliografiu 
650 0 7 |a pružné výrobné bunky  |2 SNKPH  |9 292828 
650 0 7 |a automatizovaná výroba  |2 SNKPH  |9 49991 
655 7 |a učebnice vysokých škôl  |2 SNKPH  |9 70191 
810 2 |a Technická univerzita v Košiciach.  |b Strojnícka fakulta  |t Edícia vedeckej a odbornej literatúry  |9 176109 
852 |a Slovenská národná knižnica 
919 |a 80-7099-387-1 
958 |a TL 
958 |a NB 
958 |a UV 
999 |c 548773  |d 550703 
952 |t P60, <03>, [BOOK], {603}  |a SNK  |b SNK  |y PREZ  |7 0  |p 17A0191192  |o snkSC 98457  |i snkKSP 4419/99  |0 0  |1 0  |4 0  |d 1999-04-21  |f 1  |l 0  |r 2025-09-18 00:00:00  |w 2026-02-23 
952 |t P60, <04>, [BOOK], {604}  |a SNK  |b SNK  |y VYP  |7 0  |p 17A0191193  |o snkSC 98457 D1  |i snkKSP 4420/99  |0 0  |1 0  |4 0  |d 1999-04-21  |l 0  |r 2005-01-02 00:00:00  |w 2026-02-23